00713nam a2200241 a 4500001001300000003000900013005001700022008004100039020000900080082001700089100001700106245005000123260004200173300000900215500003500224505001600259650003400275700001700309902000800326942000700334952011500341999001500456nice12345678IN_TiNIC20260116011745.0050524s1974 dela grp 000 0 eng  ac4500a954.023bHAL aHalim, Abdul aHistory of the Lodi Sultans of Delhi and Agra aDelhibIdara-I-Adabiyat-I-Dillic1974 a298p aincludes index and biblioraphy2 aIndex, XXIX aIndia-History Delhi Sultanate1 aHalim, Abdul bSRS cBK 001040708StackRoom-aHMIbHMId2007-04-03g45.00l0o954.023 HALp09553r2007-04-03v45.00w2005-05-24yBK c3742d3742